Superache - Conan Gray (Album) - Statistics

General Stats
  • This quiz has been taken 663 times
  • The average score is 11 of 12
Answer Stats
Superache % Correct
8. Family Line
96%
11. Memories
93%
1. Movies
93%
12. The Exit
91%
2. People Watching
90%
5. Astronomy
88%
4. Best Friend
88%
7. Jigsaw
88%
9. Summer Child
88%
6. Yours
88%
3. Disaster
86%
10. Footnote
85%
No matching quizzes found
Score Distribution
Percent of People with Each Score
Percentile by Number Answered
Your Score History
You have not taken this quiz